Performance of RRIT 251 in traditional and non-traditional area (Record no. 64775)

MARC details
000 -LEADER
fixed length control field 00486nam a2200157Ia 4500
100 ## - MAIN ENTRY--AUTHOR NAME
Personal name Kinnaret Patra
245 #0 - TITLE STATEMENT
Title Performance of RRIT 251 in traditional and non-traditional area
260 ## - PUBLICATION, DISTRIBUTION, ETC. (IMPRINT)
Name of publisher IRRDB International Rubber Conference 14-17 December 2011 Chiang
650 ## - SUBJECT ADDED ENTRY--TOPICAL TERM
Topical Term Non-traditional ares
650 ## - SUBJECT ADDED ENTRY--TOPICAL TERM
Topical Term RRIT 251
650 ## - SUBJECT ADDED ENTRY--TOPICAL TERM
Topical Term Traditional are
700 ## - ADDED ENTRY--PERSONAL NAME
Personal name Lekawipat Napawan
700 ## - ADDED ENTRY--PERSONAL NAME
Personal name Teerawatanasuk Kanikar
942 ## - ADDED ENTRY ELEMENTS (KOHA)
Koha item type Journals
Holdings
Withdrawn status Lost status Damaged status Not for loan Home library Current library Shelving location Date acquired Koha item type
      Journals RRII Library RRII Library Botany 26/09/2013 Journals